III Asamblea de Instituciones de Cultura de las Diputaciones Provinciales : Barcelona, 25 al 31 de marzo de 1968 : primera circular-convocatoria Barcelona, 25 al 31 de marzo de 1968 :
Descripción Física:
23 p. : il. ; 21 cm
MARC
| LEADER | 00000nam a2200000Ia 4500 | ||
|---|---|---|---|
| 001 | 7968 | ||
| 003 | BGR | ||
| 005 | 20260324175251.0 | ||
| 008 | 160829s1967 xx 000 0 cat d | ||
| 080 | |a FU-1-33 | ||
| 111 | |a Asamblea de Instituciones de Cultura de las Diputaciones Provinciales |c (Barcelona : |d 1968) |9 70448 | ||
| 245 | |a III Asamblea de Instituciones de Cultura de las Diputaciones Provinciales : |b Barcelona, 25 al 31 de marzo de 1968 : |b primera circular-convocatoria | ||
| 260 | |a Barcelona : |b Diputación Provincial de Barcelona, |c 1967 | ||
| 300 | |a 23 p. : |b il. ; |c 21 cm | ||
| 590 | |a Hi ha un duplicat: DUP-65-5 | ||
| 650 | |a Diputacions províncials |x Congressos |9 29718 | ||
| 650 | |a Gestió cultural |x Congressos |9 27478 | ||
| 710 | 1 | |a Barcelona (Catalunya : Província). |b Diputació |9 52408 | |
| 901 | |a Arxiu | ||
| 942 | |n 1 |2 udc |c MON | ||
| 952 | |0 0 |1 0 |4 0 |6 FU133 |7 1 |9 42962 |a Arxiu |b Arxiu |d 2016-12-01 |l 0 |o FU-1-33 |p 7968 |r 2016-12-01 00:00:00 |w 2016-12-01 |y ARXIU | ||
| 999 | |c 45505 |d 45505 | ||